[Event "Eastern Asia-ch U16-18 Girls 7th"]
[Site "Hainan"]
[Date "2023.08.06"]
[Round "4"]
[White "Latifah, Laysa"]
[Black "Zhao, Yunqing"]
[Result "0-1"]
[WhiteElo "2084"]
[BlackElo "1792"]
[PlyCount "106"]
[EventDate "2023.08.04"]
[EventType "swiss"]
[EventRounds "9"]
[EventCountry "CHN"]
[SourceTitle "EXT 2024"]
[Source "ChessBase"]
[SourceDate "2023.10.10"]
[SourceVersion "1"]
[SourceVersionDate "2023.10.10"]
[SourceQuality "1"]

1. e4 c5 2. Nc3 Nc6 3. g3 g6 4. Bg2 Bg7 5. Nge2 e6 6. 0-0 Nge7 7. d3 0-0 8. Be3 Nd4 9. Qd2 Rb8 10. Bh6 Bxh6 11. Qxh6 Nxc2 12. Rac1 Nd4 13. h4 Nec6 14. Nf4 d6 15. Nh3 Qf6 16. Qe3 b5 17. f4 Qd8 18. f5 exf5 19. Qh6 f6 20. exf5 Nxf5 21. Qf4 Ne5 22. Rcd1 Nd4 23. Bd5+ Kg7 24. Kg2 Bg4 25. Rd2 b4 26. Nd1 Be2 27. Rxe2 Nxe2 28. Qd2 Nd4 29. Ne3 Qd7 30. Nf2 Rbe8 31. h5 f5 32. Rh1 g5 33. h6+ Kh8 34. Rh5 f4 35. Ned1 fxg3 36. Kxg3 Rxf2 37. Nxf2 Nf5+ 38. Kg2 Ng6 39. Qxg5 Ne3+ 40. Kh2 Nxd5 41. Qxd5 Rf8 42. Nh3 Qe8 43. Rg5 Nh4 44. Kh1 Nf3 45. Rg4 Qe1+ 46. Kg2 Qe2+ 47. Nf2 Ne1+ 48. Kh3 Qxf2 49. Rg3 Qf1+ 50. Kh4 Nf3+ 51. Kg4 Ne5+ 52. Kh5 Qf5+ 53. Kh4 Ng6+ 0-1

[Event "Bekasi Scua op 1st"]
[Site "Bekasi"]
[Date "2022.01.14"]
[Round "4"]
[White "Simanjuntak, Morado"]
[Black "Latifah, Laysa"]
[Result "0-1"]
[WhiteElo "1754"]
[BlackElo "1897"]
[PlyCount "70"]
[EventDate "2022.01.12"]
[EventType "swiss"]
[EventRounds "9"]
[EventCountry "INA"]
[SourceTitle "CBM 206 Extra"]
[Source "ChessBase"]
[SourceDate "2022.03.31"]
[SourceVersion "1"]
[SourceVersionDate "2022.03.31"]
[SourceQuality "1"]

1. c4 e5 2. Nc3 Nf6 3. Nf3 Nc6 4. g3 d5 5. cxd5 Nxd5 6. d3 Be7 7. Bg2 Be6 8. 0-0 0-0 9. Bd2 Nb6 10. Na4 f5 11. Nxb6 axb6 12. Bc3 Bf6 13. Qc2 Qd7 14. Rfe1 Rae8 15. Rad1 Qf7 16. b3 e4 17. Nd2 e3 18. Nf3 exf2+ 19. Kxf2 f4 20. Rf1 fxg3+ 21. hxg3 Qg6 22. Bxf6 Rxf6 23. Qc3 Bf7 24. Qe1 Ne5 25. Kg1 Ng4 26. Nh4 Qg5 27. Rxf6 Qxf6 28. Nf3 b5 29. Qd2 Ne3 30. Rc1 Qd6 31. Qe1 Bd5 32. Qf2 c6 33. Ne1 Qh6 34. Rb1 Bxg2 35. Nxg2 Ng4 0-1

[Event "Sitges Sunway op 8th"]
[Site "Sitges"]
[Date "2021.12.16"]
[Round "4"]
[White "Latifah, Laysa"]
[Black "Meister, Peter"]
[Result "1/2-1/2"]
[WhiteElo "1897"]
[BlackElo "2359"]
[PlyCount "46"]
[EventDate "2021.12.13"]
[EventType "swiss"]
[EventRounds "10"]
[EventCountry "ESP"]
[SourceTitle "CBM 205 Extra"]
[Source "ChessBase"]
[SourceDate "2022.01.31"]
[SourceVersion "1"]
[SourceVersionDate "2022.01.31"]
[SourceQuality "1"]

1. e4 e6 2. d4 d5 3. exd5 exd5 4. Bd3 Nc6 5. c3 Bd6 6. Ne2 Qh4 7. Nd2 h6 8. Nf3 Qf6 9. Qb3 Nge7 10. h3 0-0 11. Bd2 Na5 12. Qa4 b6 13. 0-0-0 Bf5 14. Bxf5 Nxf5 15. Bf4 Nc4 16. Ne5 Nxe5 17. dxe5 Bxe5 18. Rxd5 Rfe8 19. Rhd1 Nd6 20. Be3 Nf5 21. Bf4 Nd6 22. Be3 Nf5 23. Bf4 Nd6 1/2-1/2

[Event "Online Olym Div Top-A"]
[Site "Chess.com INT"]
[Date "2021.09.10"]
[Round "8.4"]
[White "Latifah, Laysa"]
[Black "Mkrtchyan, Mariam"]
[Result "1-0"]
[WhiteElo "1897"]
[BlackElo "2234"]
[PlyCount "113"]
[EventDate "2021.09.08"]
[EventType "team (rapid)"]
[EventRounds "9"]
[EventCountry "USA"]
[SourceTitle "CBM 204 Extra"]
[Source "ChessBase"]
[SourceDate "2021.11.30"]
[SourceVersion "1"]
[SourceVersionDate "2021.11.30"]
[SourceQuality "1"]
[WhiteTeam "Indonesia"]
[BlackTeam "Armenia"]
[WhiteTeamCountry "INA"]
[BlackTeamCountry "ARM"]

1. e4 c6 2. d4 d5 3. Nc3 dxe4 4. Nxe4 Nf6 5. Nxf6+ exf6 6. c3 Bd6 7. Bd3 0-0 8. Qc2 Re8+ 9. Ne2 h5 10. Be3 Nd7 11. 0-0-0 Nf8 12. Ng3 g6 13. Rde1 f5 14. Qd2 Qa5 15. Kb1 Be6 16. b3 Bd5 17. Bh6 Nh7 18. f3 Be6 19. Ne2 f6 20. Nf4 Bf7 21. g4 Bxf4 22. Bxf4 g5 23. Bd6 Qd5 24. Ba3 hxg4 25. fxg4 fxg4 26. Rhf1 Rxe1+ 27. Qxe1 Re8 28. Qf2 Re6 29. Qc2 Nf8 30. Bxf8 Kxf8 31. Bc4 Qd6 32. Bxe6 Qxe6 33. Qf2 Kg7 34. Re1 Qd6 35. Qg3 Qxg3 36. hxg3 Kf8 37. Kc2 Bd5 38. Kd3 Kf7 39. c4 Bf3 40. Ke3 f5 41. a4 a5 42. Rb1 Be4 43. Rb2 Ke6 44. b4 b6 45. bxa5 bxa5 46. Rb6 Bc2 47. Rxc6+ Ke7 48. Rc5 Kf6 49. Rxa5 Ke6 50. Ra6+ Ke7 51. a5 Bb3 52. Rc6 Bd1 53. a6 Bf3 54. Rc5 Ke6 55. a7 Bb7 56. Rc7 Ba8 57. Rc8 1-0

[Event "Online Olym Div Top-A"]
[Site "Chess.com INT"]
[Date "2021.09.09"]
[Round "4.2"]
[White "Latifah, Laysa"]
[Black "Kiousi, Panagiota"]
[Result "1-0"]
[WhiteElo "1897"]
[BlackElo "2007"]
[PlyCount "115"]
[EventDate "2021.09.08"]
[EventType "team (rapid)"]
[EventRounds "9"]
[EventCountry "USA"]
[SourceTitle "CBM 204 Extra"]
[Source "ChessBase"]
[SourceDate "2021.11.30"]
[SourceVersion "1"]
[SourceVersionDate "2021.11.30"]
[SourceQuality "1"]
[WhiteTeam "Indonesia"]
[BlackTeam "Greece"]
[WhiteTeamCountry "INA"]
[BlackTeamCountry "GRE"]

1. e4 c5 2. Nf3 d6 3. d4 cxd4 4. Nxd4 Nf6 5. Nc3 a6 6. Bg5 Nbd7 7. Qd2 e6 8. Be2 h6 9. Be3 Qc7 10. f4 b5 11. Bf3 Bb7 12. 0-0 b4 13. Nce2 Nxe4 14. Qxb4 d5 15. Qe1 Bc5 16. c3 0-0 17. Ng3 Ndf6 18. Kh1 Nd6 19. Rd1 Nc4 20. Bc1 a5 21. Nh5 Nxh5 22. Bxh5 Nd6 23. Qe5 Rac8 24. Bg4 Bxd4 25. Qxd4 f5 26. Bf3 Ne4 27. Be3 Ba6 28. Rfe1 Rb8 29. Rb1 Rfd8 30. Rec1 Qc6 31. Rg1 Bc4 32. b3 Ba6 33. Rbc1 Rdc8 34. g4 Rb7 35. Qe5 Qd6 36. gxf5 Qxe5 37. fxe5 exf5 38. Rg6 Bd3 39. Bd4 f4 40. Rcg1 Kh7 41. e6 Ng5 42. R6xg5 hxg5 43. Bxd5 Re7 44. Rxg5 Rd8 45. Kg1 Kh6 46. Re5 g5 47. c4 Bh7 48. Bc5 Ree8 49. e7 Rd7 50. Bc6 Rd1+ 51. Kf2 Rxe7 52. Bxe7 Rd2+ 53. Re2 Rd1 54. Bd5 Bd3 55. Re6+ Kh5 56. Bf3+ g4 57. Bxd1 f3 58. Re5+ 1-0

[Event "Online Olym Div2 A"]
[Site "Chess.com INT"]
[Date "2021.09.03"]
[Round "5.3"]
[White "San Diego, Jerlyn Mae"]
[Black "Latifah, Laysa"]
[Result "0-1"]
[WhiteElo "1794"]
[BlackElo "1897"]
[PlyCount "128"]
[EventDate "2021.09.02"]
[EventType "team (rapid)"]
[EventRounds "9"]
[EventCountry "USA"]
[SourceTitle "CBM 204 Extra"]
[Source "ChessBase"]
[SourceDate "2021.11.30"]
[SourceVersion "1"]
[SourceVersionDate "2021.11.30"]
[SourceQuality "1"]
[WhiteTeam "Philippines"]
[BlackTeam "Indonesia"]
[WhiteTeamCountry "PHI"]
[BlackTeamCountry "INA"]

1. e4 c6 2. d4 d5 3. exd5 cxd5 4. Bd3 Nc6 5. c3 g6 6. Bf4 Bg7 7. Nd2 Nf6 8. h3 Qb6 9. Rb1 0-0 10. Ngf3 Nh5 11. Bh2 Na5 12. 0-0 h6 13. Re1 Re8 14. Ne5 Nf6 15. Qa4 Bf5 16. Bxf5 gxf5 17. Nd7 Nxd7 18. Qxd7 e6 19. b4 Qc6 20. Qc7 Qxc7 21. Bxc7 Nc6 22. b5 Ne7 23. a4 Rac8 24. Ba5 f4 25. b6 Nc6 26. Nb3 Nxa5 27. Nxa5 axb6 28. Nxb7 Rxc3 29. Rxb6 Ra8 30. a5 Bxd4 31. Rb4 e5 32. Ra4 Rc2 33. Rf1 Ra6 34. Rb4 Kf8 35. Rb5 Ra7 36. Nd6 Rc5 37. Rfb1 Rxa5 38. Rb8+ Kg7 39. Nb7 Ra2 40. Nxc5 Bxf2+ 41. Kh2 Bxc5 42. Rc8 Be3 43. Rbb8 f3 44. Rg8+ Kf6 45. Rb6+ Kf5 46. Rb1 Bg5 47. Kg3 Bf4+ 48. Kh4 fxg2 49. Rg1 Bg5+ 50. Kg3 e4 51. h4 Bf4+ 52. Kh3 d4 53. R8xg2 Ra3+ 54. Rg3 Bxg3 55. Rxg3 Rxg3+ 56. Kxg3 d3 57. Kf2 Kf4 58. Ke1 e3 59. h5 Kf3 60. Kf1 d2 61. Kg1 d1Q+ 62. Kh2 Qe2+ 63. Kh3 Qg2+ 64. Kh4 Qg4# 0-1

[Event "Wch FIDE Online U14 Girls"]
[Site "Tornelo INT"]
[Date "2020.12.21"]
[Round "3.3"]
[White "Roebers, Eline"]
[Black "Latifah, Laysa"]
[Result "1-0"]
[WhiteElo "2066"]
[BlackElo "1897"]
[PlyCount "119"]
[EventDate "2020.12.19"]
[EventType "k.o. (rapid)"]
[EventRounds "4"]
[EventCountry "ISS"]
[SourceTitle "EXT 2022"]
[Source "ChessBase"]
[SourceDate "2021.10.06"]
[SourceVersion "1"]
[SourceVersionDate "2021.10.06"]
[SourceQuality "1"]

1. e4 c6 2. Nf3 d5 3. Nc3 dxe4 4. Nxe4 Nf6 5. Qe2 Nxe4 6. Qxe4 Nd7 7. Bc4 Nf6 8. Ne5 e6 9. Qe2 Be7 10. 0-0 0-0 11. c3 Nd5 12. d4 f6 13. Nf3 b5 14. Bd3 Qc7 15. Re1 Nf4 16. Bxf4 Qxf4 17. Be4 Bd7 18. Rad1 Qd6 19. Bb1 Rae8 20. Nd2 Bd8 21. Qh5 f5 22. Nf3 Rf6 23. Ne5 Bc7 24. f4 Ref8 25. Bc2 Qe7 26. Bb3 Rh6 27. Qf3 Be8 28. Rd2 c5 29. d5 exd5 30. Bxd5+ Bf7 31. Bxf7+ Rxf7 32. g3 Bxe5 33. Rxe5 Re6 34. Qa8+ Rf8 35. Qd5 Rff6 36. Rde2 Kf7 37. Rxe6 Rxe6 38. Qxf5+ Qf6 39. Qxe6+ Qxe6 40. Rxe6 Kxe6 41. Kf2 Kd5 42. Ke3 Kc4 43. g4 a5 44. f5 b4 45. cxb4 axb4 46. h4 b3 47. axb3+ Kxb3 48. g5 c4 49. f6 gxf6 50. gxf6 Kxb2 51. f7 c3 52. f8Q c2 53. Qb4+ Kc1 54. Qa3+ Kd1 55. Qb3 h5 56. Kd3 Ke1 57. Qxc2 Kf1 58. Ke3 Kg1 59. Kf3 Kh1 60. Qg2# 1-0

[Event "Wch FIDE Online U14 Girls"]
[Site "Tornelo INT"]
[Date "2020.12.19"]
[Round "1.1"]
[White "Latifah, Laysa"]
[Black "Sahithi Varshini, M."]
[Result "1/2-1/2"]
[WhiteElo "1897"]
[BlackElo "2070"]
[PlyCount "94"]
[EventDate "2020.12.19"]
[EventType "k.o. (rapid)"]
[EventRounds "4"]
[EventCountry "ISS"]
[SourceTitle "EXT 2022"]
[Source "ChessBase"]
[SourceDate "2021.10.06"]
[SourceVersion "1"]
[SourceVersionDate "2021.10.06"]
[SourceQuality "1"]

1. d4 d5 2. c4 c6 3. Nc3 Nf6 4. Nf3 e6 5. Bg5 dxc4 6. e4 b5 7. e5 h6 8. Bh4 g5 9. Nxg5 hxg5 10. Bxg5 Nbd7 11. exf6 Bb7 12. Qf3 Qb6 13. Qe3 0-0-0 14. Rd1 c5 15. d5 exd5 16. Nxd5 Bxd5 17. Rxd5 Bh6 18. Be2 Rhe8 19. Qf4 Rxe2+ 20. Kxe2 Qe6+ 21. Qe3 Qxd5 22. Bxh6 Nxf6 23. Qh3+ Kc7 24. Rc1 Qd3+ 25. Qxd3 cxd3+ 26. Kd1 Kc6 27. f3 c4 28. Kd2 Nd5 29. Rh1 Nb4 30. a3 Nc2 31. Rf1 Re8 32. Rf2 a5 33. Bg7 Kd5 34. h4 Nd4 35. h5 b4 36. axb4 axb4 37. g4 Ne6 38. Bf6 Nf4 39. h6 Ra8 40. h7 Ng6 41. f4 Ke4 42. f5 c3+ 43. bxc3 Ra2+ 44. Ke1 Ra1+ 45. Kd2 Ra2+ 46. Ke1 Ra1+ 47. Kd2 Ra2+ 1/2-1/2